| 000 | 00675 a2200193 4500 | ||
|---|---|---|---|
| 001 | 45883 | ||
| 005 | 20260407155731.0 | ||
| 008 | 260407a1965 arg spa d | ||
| 003 | AR-UNSa-BCEJYS | ||
| 040 |
_aAR-UNSa-BCEJYS _bspa _cAR-UNSa-BCEJYS |
||
| 080 |
_a330.34 _xDesarrollo Económico |
||
| 245 | 1 | 0 |
_aPlanificación y realización del desarrollo económico _pguía no técnica para políticos y administradores |
| 264 | 1 |
_aNew York : _bMcGraw-Hill _c1965 |
|
| 300 |
_a250 p. _c23 cm. |
||
| 505 | _a1. Planificación - 2. Realización - 3. Algunas orientaciones prácticas - | ||
| 942 | _cBK | ||
| 590 | _aniveau_biblio:m niveau_hierar:0 | ||
| 100 | 1 | _aWalinsky, Louis J. | |
| 999 |
_c4047 _d4047 |
||